00450nam a2200145Ia 4500008004100000041001200041100001600053245005100069250001300120260000900133650000600142942000700148999001700155952013200172221030s9999 xx 000 0 und d aEnglish aM. R. Anand 0aUntouchable : A Critical Studycby M. R. Anand aJAN 2016 c2016 aB cBK c16043d16043 pB 7338l0r2022-10-30 00:00:00w2022-10-30yBK003Print4070aMIETLIBbMIETLIBcBL-, FL-, CUP-0, SH-0, R-0d2016-01-2010HBE